Pirâmides (Registo nº 3478)

Detalhes MARC
000 -Etiqueta do registo
Cabeçalho 00847nam0a22002891 4500
005 - Identificador da versão
Campo de controlo 20240813122003.0
010 ## - Número internacional normalizado dos livros (ISBN)
Número (ISBN) 9895502214
100 ## - Dados gerais de processamento
Dados gerais de processamento 20080105d2004 da y0pory5003 ba
102 ## - Pais de publicação ou produção
País de publicação Portugal
101 1# - Língua de publicação
Língua do texto, banda sonora, etc. Português
Língua do documento no original Inglês
106 ## - Campo de dados codificados: material textual
Dados codificados do material textual r
105 ## - Campo de dados codificados: livros
Dados codificados dos livros a z 001yy
215 ## - Descrição física 
Indicação específica da natureza do documento e extensão da espécie 48 p.
Outras indicações físicas il.
Dimensões 26 cm
200 1# - Titulo e menção de responsabilidade
Título próprio Pirâmides
Primeira menção de responsabilidade escrito e edit. Caroline Bingham
Outras menções de responsabilidade des. Janet Allis
-- trad. Manuela Junqueira
225 2# - Colecção 
Título próprio da colecção Mundo fantástico
210 ## - Publicação, Distribuição, etc. 
Lugar da edição, distribuição, etc. Londres
Nome do editor, distribuidor, etc. Dorling Kindersley ;
Lugar da edição, distribuição, etc. Porto
Nome do editor, distribuidor, etc. Civilização
Data da publicação, distribuição, etc. cop. 2004
304 ## - Notas relativas a título e menção de responsabilidade 
Texto da nota Tít. orig.: Pyramid
606 ## - Nome comum usado como assunto
Número de registo de entrada de autoridade 0001728
Palavra de ordem História
675 ## - Classificação Decimal Universal (CDU)
Notação 94
Edição
Língua da edição por
702 #1 - Nome de autor-pessoa física (responsabilidade secundária)
Número de registo de entrada de autoridade 0002700
Palavra de ordem Allis
Outra parte do nome não tomada para palavra de ordem Janet
Código de função Ilustrador / Técnico de desenho computorizado
Número de registo de entrada de autoridade 0001444
Palavra de ordem Junqueira
Outra parte do nome não tomada para palavra de ordem Manuela
Código de função Tradutor
700 #1 - Nome de autor-pessoa física (responsabilidade principal)
Número de registo de entrada de autoridade 0002710
Palavra de ordem Bingham
Outra parte do nome não tomada para palavra de ordem Caroline
942 ## - Elementos de entrada adicionados (Koha)
Tipo de item no Koha Livro
Exemplares
Situação do levantamento Origin of item (home branch) (coded) Biblioteca de empréstimo Código de barras Cota Circulation type (not for loan) Tipo de documento Nota do exemplar Damaged status
  Biblioteca Escolar da Coca Maravilhas Biblioteca Escolar da Coca Maravilhas BECM8274/08 9UNI BIN   Livro Sem mensagem